Теоретические и экспериментальные исследования щелевых вихретоковых преобразователей для целей контроля геометрических размеров цилиндрических изделий: Диссертация на соискание ученой степени кандидата технических наук

Dades bibliogràfiques
Autor principal: Закиров Р. М.
Autor corporatiu: Томский политехнический институт
Altres autors: Лещенко И. Г. (научный руководитель), Жуков В. к.
Idioma:rus
Publicat: Томск, 1974
Matèries:
Format: Llibre
KOHA link:https://koha.lib.tpu.ru/cgi-bin/koha/opac-detail.pl?biblionumber=126501

MARC

LEADER 00000nbm0a2200000 4500
001 126501
005 20231031131907.0
035 |a (RuTPU)RU\TPU\book\136851 
090 |a 126501 
100 |a 20071128d1974 k y0rusy50 ca 
101 0 |a rus 
102 |a RU 
105 |a a m 001zy 
200 1 |a Теоретические и экспериментальные исследования щелевых вихретоковых преобразователей для целей контроля геометрических размеров цилиндрических изделий  |e Диссертация на соискание ученой степени кандидата технических наук  |f Р. М. Закиров  |g Томский политехнический институт; науч. рук. И. Г. Лещенко; науч. рук. В. к. Жуков 
210 |a Томск  |d 1974 
215 |a 115 л.  |c ил. 
320 |a Библиогр.: с. 102-112 (117 назв.) 
610 1 |a диссертации 
610 1 |a вихретоковые преобразователи 
610 1 |a цилиндрические изделия 
610 1 |a геометрические размеры 
610 1 |a контроль 
610 1 |a экспериментальные исследования 
610 1 |a электромагнитные методы 
610 1 |a медные трубки 
610 1 |a приборы 
675 |a 620.179(048)  |v 3 
700 1 |a Закиров  |b Р. М. 
702 1 |a Лещенко  |b И. Г.  |4 727 
702 1 |a Жуков  |b В. к.  |4 727 
712 0 2 |a Томский политехнический институт  |z 1944-1991  |2 stltpush  |3 (RuTPU)RU\TPU\col\1123 
801 1 |a RU  |b 63413507  |c 20071128  |g PSBO 
942 |c BK